| 000 | 00665nam a2200217Ii 4500 | ||
|---|---|---|---|
| 003 | JO-AjNU | ||
| 008 | 230606s9999||||xx |||||||||||||| ||und|| | ||
| 020 | _a978-0-061113-9/0-07-06113-0 | ||
| 040 |
_aJO-AjNU _beng _erda _cJO-AjNU |
||
| 041 | _aeng | ||
| 050 | 1 | 4 | _aTK5105.875.I57.G743.2002 |
| 100 | 3 |
_aGreenlaw , Raymond, _eauthor _9264 |
|
| 245 | 0 | 0 | _aIn-Line/on-Lin fundamentals of the Internet and the world wide web |
| 250 | _a2 ed | ||
| 264 | 3 | 1 | _aNew Delhi:Tata Mcgraw hill,2004 |
| 300 | _a696p | ||
| 336 |
_atext _btxt _2rdacontent |
||
| 337 |
_aunmediated _bn _2rdamedia |
||
| 338 |
_avolume _bnc _2rdacarrier |
||
| 650 | 4 |
_aInternet-world wide web _9265 |
|
| 999 |
_aE138 _c138 _d138 |
||